000 00982nam a22002537a 4500
001 1946
003 CO-MdFUSB
005 20180622072726.0
008 170601t19901993xxu||||| |||| 00| 0 s d
020 _a0-8028-3107-9
040 _aCO-MdFUSB
_bspa
_cCO-MdFUSB
_dCO-MdFUSBC
_erda
041 0 _aspa
082 0 4 _aG 221 H3181i
100 1 _aHarrison, R. K. (Roland Kenneth)
_eautor
245 0 _aIntroducción al Antiguo Testamento
_c / R. K. Harrison ; Pedro Vega, Traductor
264 4 _aJenison, MI., USA :
_bTELL,
_c©1990-1993
336 _2rdacontent
_a1
_ba1
337 _2rdamedia
_a2
_b5
338 _2rdacarrier
_a2
_b5
500 _aTítulo original : Introduction to the Old Testament
505 0 0 _aVol. I : Estudios veterotestamentarios. 523 Pag. Vol. II : El pentateuco y los profetas anteriores. 299 Pag. Vol III : Los profetas mayores y los profetas menores. 268 Pag. Vol IV : Los escritos sagrados. 255 Pag
653 _aBiblia A.T. - Introducciones
942 _cBK
999 _c33056
_d33056